000
00256nam a2200097Ia 4500
001
713191
005
20250826162841.0
008
250824s9999 xx 000 0 und d
245
0
_a
FETİH SANCAKLARI
_c
AHMET YILMAZ BOYUNAĞA
260
_b
GENÇ TİMAŞ YAYINLARI
999
_c
713191
_d
713191